banner-ar

IN SEARCH OF CHINA'S MINORITIES / (Record no. 14462)

MARC details
000 -الفاتح
حقل البيانات ثابتة الطول 00543nam a2200205Ia 4500
008 - عناصر البيانات ثابتة الطول - معلومات عامة
حقل البيانات ثابتة الطول 140319s9999 xx 000 0 eng d
040 ## - مصدر الفهرسة
وكالة الفهرسة الأصلية GCL /
وكالة النسخ GCL
082 04 - رقم تصنيف ديوى العشرى
رقم التصنيف 305.56
رقم المادة W I
100 1# - المدخل الرئيسى - إسم شخصى
الإسم الشخصى WEIWEN, ZHANG
245 10 - بيان العنوان
العنوان IN SEARCH OF CHINA'S MINORITIES /
بيان المسئوليه,etc WEIWEN, ZHANG
700 1# - المدخل الاضافى - اسم شخصى
الإسم الشخصى QINGNAN, ZENG
260 ## - PUBLICATION, DISTRIBUTION, ETC. (IMPRINT)
تاريخ النشر أو التوزيع 1993
300 ## - الوصف المادى
التعداد 354\P
650 04 - المدخل الاضافى بالموضوع-مصطلح موضوعى
مصطلح موضوعي MINORITY AUTHORS
650 04 - المدخل الاضافى بالموضوع-مصطلح موضوعى
مصطلح موضوعي MINORITIES
650 04 - المدخل الاضافى بالموضوع-مصطلح موضوعى
مصطلح موضوعي SOCIAL SCIENCE
650 04 - المدخل الاضافى بالموضوع-مصطلح موضوعى
مصطلح موضوعي MINORITIES - POLITICAL ACTIVITY
942 ## - عناصر المدخل الإضافي( كوها)
مصدر التصنيف او مخطط الترفيف Dewey Decimal Classification
Koha [default] item type كتاب
260 ## - PUBLICATION, DISTRIBUTION, ETC. (IMPRINT)
-- [S.N] :
-- NEW WORLD PRESS ،
Holdings
حالة التراجع حالة الفقد حالة تلف ليس للاعارة المكان المؤقت الموقع الحالى تاريخ الاكتساب اجمالي اﻻعارات رقم الطلب الباركود تاريخ اخر مشاهدة تاريخ تفعيل السعر نوع وعاء كوها
        مكتبة القاهرة الكبرى مكتبة القاهرة الكبرى 03/26/2014   305.56\W I 27149 03/26/2014 03/26/2014 كتاب

Powered By

EGPV